Statistics for Profile of Poland Quiz

Click here to take the quiz!

General Stats

  • This quiz has been taken 2,954 times
    (2,952 since last reset)
  • The average score is 18 of 22

Answer Stats

Hint Answer % Correct
LanguagePolish
99%
Biggest CityWarsaw
98%
Flag ColorWhite
96%
Flag ColorRed
96%
Border CountryGermany
93%
Border CountryRussia
90%
Border CountrySlovakia
87%
Border CountryUkraine
86%
Border CountryCzech Republic
86%
Name of Poland in PolishRzeczpospolita Polska
86%
Border CountryBelarus
82%
Border CountryLithuania
82%
Joined the European Union in this year2004
80%
This body of water lies to the north of PolandBaltic Sea
79%
Internet Domain Extension.pl
78%
A person from Poland is called aPole
75%
Famous astronomer from PolandNicolaus Copernicus
75%
CurrencyZłoty
74%
Most Famous religious personPope John Paul II
72%
Mountains in southern PolandTatra Mountains
69%
Zywiec is a type of thisBeer
69%
Dumpling stuffed with potato, meat, cheese or vegetablesPierogi
67%

Score Distribution

Percentile by Number Answered

Percent of People with Each Score

Your Score History

You have not taken this quiz since the last reset